[Event "Sachsen-ch U12 Girls"]
[Site "Sebnitz"]
[Date "2009.04.17"]
[Round "6"]
[White "Beese, Franziska"]
[Black "Schille, Anika"]
[Result "0-1"]
[WhiteElo "884"]
[BlackElo "961"]
[PlyCount "160"]
[EventDate "2009.04.14"]
[EventType "swiss"]
[EventRounds "7"]
[EventCountry "GER"]
[SourceTitle "EXT 2010"]
[Source "ChessBase"]
[SourceDate "2010.11.25"]
[SourceVersion "1"]
[SourceVersionDate "2010.11.25"]
[SourceQuality "1"]

1. e4 c5 2. Nf3 Nc6 3. Nc3 Nf6 4. d4 cxd4 5. Nxd4 e6 6. Nxc6 bxc6 7. Be2 Bb4 8. a3 Bxc3+ 9. bxc3 Nxe4 10. Qd4 Nf6 11. a4 d6 12. Qc4 Bd7 13. Bf4 e5 14. Bg5 e4 15. Qxe4+ Nxe4 16. Bxd8 Rxd8 17. Bf3 Nxc3 18. 0-0 0-0 19. Ra3 Nxa4 20. Rxa4 Ra8 21. Rh4 d5 22. Re1 Rfe8 23. Rd1 a5 24. Rf4 Re5 25. h3 Rb8 26. Bg4 Bxg4 27. Rxg4 Re4 28. Rg3 Rb2 29. Rc3 Re6 30. Rd4 Rb4 31. Rdd3 Rc4 32. Rxc4 h6 33. Ra4 Re1+ 34. Kh2 Re2 35. Rxa5 Rxc2 36. Rf3 f6 37. Ra8+ Kh7 38. Re3 d4 39. Ree8 d3 40. Rh8+ Kg6 41. Rhd8 d2 42. g4 c5 43. Rac8 c4 44. Rc7 Kg5 45. Rd5+ Kg6 46. Rd6 c3 47. Rc5 Kh7 48. Rxc3 Rxc3 49. Rxd2 g5 50. Rd7+ Kg6 51. Rd8 Rc2 52. Kg2 Rc7 53. f3 Rc2+ 54. Kg3 Rc3 55. h4 gxh4+ 56. Kxh4 Rxf3 57. Rd6 Rf4 58. Kg3 Rc4 59. Rd8 Rc5 60. Rg8+ Kf7 61. Rh8 Kg7 62. Re8 Re5 63. Rc8 Re7 64. Rc5 Re5 65. Rc4 h5 66. Kh4 Kg6 67. Rf4 hxg4 68. Rxg4+ Rg5 69. Rxg5+ fxg5+ 70. Kg4 Kf6 71. Kg3 Kf5 72. Kf3 g4+ 73. Kg3 Kg5 74. Kf2 Kh4 75. Kg2 g3 76. Kf1 Kg4 77. Kg2 Kf4 78. Kf1 Kf3 79. Kg1 g2 80. Kh2 Kf2 0-1

[Event "Sachsen-ch U10 Girls"]
[Site "Sebnitz"]
[Date "2007.04.12"]
[Round "4"]
[White "Roth, Dorothea"]
[Black "Beese, Franziska"]
[Result "1-0"]
[WhiteElo "767"]
[BlackElo "782"]
[PlyCount "75"]
[EventDate "2007.04.10"]
[EventType "swiss"]
[EventRounds "7"]
[EventCountry "GER"]
[SourceTitle "EXT 2008"]
[Source "ChessBase"]
[SourceDate "2007.11.25"]
[SourceVersion "1"]
[SourceVersionDate "2007.11.25"]
[SourceQuality "1"]

1. e4 e5 2. Nf3 Nc6 3. Bc4 Bc5 4. d3 Nf6 5. 0-0 d6 6. Bg5 Be6 7. Nbd2 h6 8. Bh4 g5 9. Bg3 Qd7 10. Bxe6 fxe6 11. Nb3 Bb6 12. Nfd2 0-0-0 13. Nc4 Qf7 14. Nxb6+ cxb6 15. Qd2 Qh5 16. d4 Ng4 17. h3 exd4 18. Nxd4 Nxd4 19. Qxd4 e5 20. Qc3+ Kd7 21. hxg4 Qg6 22. Qc4 h5 23. Qa4+ Ke7 24. Qxa7 hxg4 25. Qxb7+ Rd7 26. Qxb6 Qh6 27. f3 gxf3 28. gxf3 g4 29. Rad1 Rhd8 30. Qb4 Rf8 31. Rxd6 gxf3 32. Rxh6+ Ke8 33. Re6+ Kf7 34. Rxe5 Rg8 35. Rxf3+ Kg6 36. Qd6+ Kg7 37. Qf6+ Kh7 38. Rh5# 1-0